LEADER 01331nam a2200229 4500 001 000000341289 003 CaOOAMICUS 005 20200729142348.0 008 200729s1760 it 000 u ita r 026 $ai:o- sido hona L'Um (3) 1760 (R) 040 $aSeMil$bita 100 11$aTosetti, Urbano,$d<1714-1768>.$0(OLS)http://semarc/name/40786 245 00$aLettera apologetica dell'autore dell'appendice alle riflessioni del portoghese sul memoriale del p. generale de'Gesuiti presentato alla santità di papa Clemente 13. In risposta ad un'altra pubblicata contro di lui dal marchese Angelo Gabrielli circa un fatto esposto nella detta Appendice ec. 264 1$aIn Genova :$b[s.n.],$c1760. 300 $a14, [2] p. ;$c8° 500 $aSegn.: ?? 752 $aIT$dGenova 850 $aSeMil 852 $aSeMil$W1$xVenegono$y1$m3Z VI 2/4 FA$j220071$B232271$CSeMilBibl$Z2$F232271 $8I 996 $6245$aLettera apologetica dell'autore dell'appendice alle riflessioni del portoghese sul memoriale del p. generale de'Gesuiti presentato alla santità di papa Clemente 13. In risposta ad un'altra pubblicata contro di lui dal marchese Angelo Gabrielli circa un fatto esposto nella detta Appendice ec.$9(OLS)http://semarc/title/430319 996 $6264$aIn Genova :$b[s.n.]$9(OLS)http://semarc/publisher/54372 LEADER 00517naa a2200133 i 4500 001 000000320680 003 CaOOAMICUS 005 20180831173331.0 008 180831n it u000 u ita u 013 $a30889 040 $aSeMil$bita 245 13$aIl dire la verità nella genealogia del soggetto occidentale. 773 0 $tFoucault, oggi.$dMilano : Feltrinelli, 2008.$kCampi del sapere$z978-88-07-10437-4$gp.124-133$w()221668 996 $6245$aIl dire la verità nella genealogia del soggetto occidentale$9(OLS)http://semarc/title/394239